00538nam a2200193 a 4500001001300000003000900013005001700022008004100039020000900080082001600089100002300105245006800128260003000196300001000226500003500236505003400271650001600305700002300321nice12345678IN_TiNIC20260116012505.0050524s1982 dela grp 000 0 eng  ac6500a340.59bSHA aShabbir, Lmohammad aAuthority and Authenticity of Hadith as a Source of Islamic Law aDelhibKitab Bhavanc1982 a131p. aincludes index and biblioraphy2 aappend, bib. gloss and index. aIslamic-Law1 aShabbir, Lmohammad